LIBRARY ONLINE CATALOGUE

Risk Management Framework (Record no. 18393)

MARC details
000 -LEADER
fixed length control field 00497nam a22001577a 4500
008 - FIXED-LENGTH DATA ELEMENTS--GENERAL INFORMATION
fixed length control field 200730b xxu||||| |||| 00| 0 eng d
020 ## - INTERNATIONAL STANDARD BOOK NUMBER
International Standard Book Number 1597499958
050 ## - LIBRARY OF CONGRESS CALL NUMBER
Classification number QA76.9
Item number .B76 2013 c.1
100 ## - MAIN ENTRY--PERSONAL NAME
Personal name Broad, James
245 ## - TITLE STATEMENT
Title Risk Management Framework
Remainder of title A lab-based approach to securing information systems
Statement of responsibility, etc. James Broad
260 ## - PUBLICATION, DISTRIBUTION, ETC. (IMPRINT)
Place of publication, distribution, etc. Amsterdam
Name of publisher, distributor, etc. Syngress
Date of publication, distribution, etc. 2013
300 ## - PHYSICAL DESCRIPTION
Extent xv, 298p.
650 ## - SUBJECT ADDED ENTRY--TOPICAL TERM
Topical term or geographic name as entry element Information Technology
Form subdivision Security measures
650 ## - SUBJECT ADDED ENTRY--TOPICAL TERM
Topical term or geographic name as entry element Computer security
942 ## - ADDED ENTRY ELEMENTS (KOHA)
Source of classification or shelving scheme Library of Congress Classification
Koha item type General Collection
Holdings
Withdrawn status Lost status Source of classification or shelving scheme Not for loan Home library Current library Date acquired Cost, normal purchase price Total Checkouts Total Renewals Full call number Barcode Date last seen Date last checked out Price effective from Koha item type
    Library of Congress Classification   Kabarak, Main Campus Kabarak, Main Campus 30/07/2020 4472.00 2 1 QA76.9 .B76 2013 c.1 029055 20/02/2024 29/01/2024 30/07/2020 General Collection
    Library of Congress Classification   Kabarak, Main Campus Kabarak, Main Campus 30/07/2020 4472.00     QA76.9 .B76 2013 c.2 029056 30/07/2020   30/07/2020 General Collection
    Library of Congress Classification   Kabarak, Nakuru City Campus Kabarak, Nakuru City Campus 30/07/2020 4472.00     QA76.9 .B76 2013 c.1 029057 30/07/2020   30/07/2020 General Collection